| 000 | 00456nam a22001697a 4500 | ||
|---|---|---|---|
| 003 | OSt | ||
| 005 | 20140310182110.0 | ||
| 008 | 130824t xxu||||| |||| 00| 0 eng d | ||
| 050 |
_aDP 302 _b.B515 1988 |
||
| 082 |
_aHS 946 _bBe45 1976 |
||
| 245 | _aMajorca and minorca / | ||
| 260 |
_aSwitzerland : _bBerlitz, _c1976. |
||
| 300 |
_a128 p. ; _c15 cm. |
||
| 650 |
_aMajorca, Spain _xDescription and travel _xGuide books _913420 |
||
| 942 | _2lcc | ||
| 999 |
_c9384 _d9384 |
||